000 00799nam a2200217Ia 4500
001 16877
003 GE_BSU
008 181216s||||||||xx |||||||||||||| ||und||
040 _cGE_BSU
080 _a355.486:356.15(47+57)"1941-1942"(093.3)
100 _aბაქრაძე, დავით
245 _aგმირთა სისხლით
245 _bპირველი უკრ. პარტიზან. შენაერთის მონაწილის ჩანაწერები
245 _cრედ.ლ.გეგელია.
260 _aთბილისი
260 _bნაკადული
260 _c1964
300 _a485გვ. : ილ. 1ფ. პორტრ. ; 22სმ.
653 _aგმირთა სისხლით
942 _cBK
999 _c49941
_d49941